| 000 | 00932cab a2200277 4500 | ||
|---|---|---|---|
| 001 | ABS46331 | ||
| 008 | 090401t1992 xxu||||| |||| 00| 0 eng d | ||
| 035 | _a(Sirsi) u57845 | ||
| 041 | _aeng | ||
| 100 | _aPowell-Smith, V. | ||
| 245 | _aLiability under collateral warranties | ||
| 260 | _c1992 | ||
| 350 | _a0 | ||
| 490 |
_aContract Journal _v363(5874) 21 May 1992, 9(1) |
||
| 520 | _aDiscusses the effects of a collateral warranty on building industry relations, taking the case "Beaco Ltd v Alfa Laval Co Ltd" (6 April 1992) as an example. | ||
| 650 | _aBEACO V ALFA LAVAL | ||
| 650 | _aBUILT ENVIRONMENT-BUILDING CONTRACT FORMS-CONSTRUCTION COLLATERAL WARRANTY FORMS | ||
| 650 | _aDEFECTIVE WORK | ||
| 650 | _aDESIGN LIFE | ||
| 650 | _aDUTY OF CARE | ||
| 650 | _aSUBCONTRACTORS | ||
| 650 | _aWARRANTY OBLIGATIONS | ||
| 690 | _aBUILT ENVIRONMENT-BUILDING CONTRACT FORMS | ||
| 942 | _n0 | ||
| 948 | _c04/03/1997 | ||
| 999 |
_c35313 _d35313 |
||